| 000 | 01548nam a22003374a 4500 | ||
|---|---|---|---|
| 001 | ebr10160516 | ||
| 003 | CaPaEBR | ||
| 006 | m u | ||
| 007 | cr cn||||||||| | ||
| 008 | 040426s2006 enka sb 001 0 eng | ||
| 010 | _z 2004009734 | ||
| 020 | _z0195173023 | ||
| 040 |
_aCaPaEBR _cCaPaEBR |
||
| 035 | _a(OCoLC)71792781 | ||
| 050 | 1 | 4 |
_aHQ1061 _b.L39 2006eb |
| 082 | 0 | 4 |
_a305.26 _222 |
| 100 | 1 | _aLazarus, Richard S. | |
| 245 | 1 | 0 |
_aCoping with aging _h[electronic resource] / _cRichard S. Lazarus and Bernice N. Lazarus. |
| 260 |
_aOxford ; _aNew York : _bOxford University Press, _c2006. |
||
| 300 |
_aix, 242 p. : _bill. |
||
| 504 | _aIncludes bibliographical references (p. 221-233) and index. | ||
| 505 | 0 | _aThe typical course of aging -- The emotions and research problems -- Coping -- The environment -- The personality -- Family and friends -- A different doctor for every organ -- Loss of a useful function in life : work -- Psychological treatment -- Principles of successful aging. | |
| 533 |
_aElectronic reproduction. _bPalo Alto, Calif. : _cebrary, _d2013. _nAvailable via World Wide Web. _nAccess may be limited to ebrary affiliated libraries. |
||
| 650 | 0 | _aOlder people. | |
| 650 | 0 | _aAdjustment (Psychology) in old age. | |
| 650 | 0 |
_aAging _xPsychological aspects. |
|
| 655 | 7 |
_aElectronic books. _2local |
|
| 700 | 1 | _aLazarus, Bernice N. | |
| 710 | 2 | _aebrary, Inc. | |
| 856 | 4 | 0 |
_uhttp://site.ebrary.com/lib/rucke/Doc?id=10160516 _zAn electronic book accessible through the World Wide Web; click to view |
| 999 |
_c243161 _d243161 |
||